Sections des Communes de Brabant Wallon - Statistics

General Stats
  • This quiz has been taken 9 times
  • The average score is 38 of 114
Answers on the Map
Answers color-coded by a green-red scale on the quiz's map according to % correct below.
 
Answer Stats
group answer % Correct
Bevekom Beauvechain | Bevekom
100%
Eigenbrakel Braine-l'Alleud | Eigenbrakel
100%
Graven Grez-Doiceau | Graven
100%
Itter Ittre | Itter
100%
Geldenaken Jodoigne | Geldenaken
100%
Terhulpen La Hulpe | Terhulpen
100%
Waver Limal
100%
Nijvel Nivelles | Nijvel
100%
Ottignies-Louvain-la-Neuve Ottignies
100%
Lasne Plancenoit
100%
Rixensart Rixensart
100%
Tubeke Tubize | Tubeke
100%
Waterloo Waterloo
100%
Waver Wavre | Waver
100%
Graven Archennes | Eerken
67%
Nijvel Baulers
67%
Waver Bierges | Bierk
67%
Kasteelbrakel Braine-le-Château | Kasteelbrakel
67%
Chaumont-Gistoux Chaumont-Gistoux
67%
Court-Saint-Étienne Court-Saint-Étienne
67%
Genepiën Genappe | Genepiën
67%
Rixensart Genval
67%
Bevekom Hamme-Mille
67%
Genepiën Houtain-le-Val | Dalhoutem
67%
Incourt Incourt
67%
Eigenbrakel Lillois-Witterzée
67%
Mont-Saint-Guibert Mont-Saint-Guibert
67%
Lasne Ohain
67%
Eigenbrakel Ophain-Bois-Seigneur-Isaac
67%
Perwijs Perwez | Perwijs
67%
Villers-la-Ville Villers-la-Ville
67%
Genepiën Baisy-Thy
33%
Genepiën Bousval
33%
Ottignies-Louvain-la-Neuve Ceroux-Mousty
33%
Chastre Chastre-Villeroux-Blanmont
33%
Tubeke Clabecq | Klabbeek
33%
Mont-Saint-Guibert Corbais | Korbeek
33%
Chaumont-Gistoux Corroy-Le-Grand
33%
Chastre Cortil-Noirmont
33%
Chaumont-Gistoux Dion-Le-Mont
33%
Chaumont-Gistoux Dion-Le-Val
33%
Genepiën Glabais | Glabbeek
33%
Itter Haut-Ittre | Hoog-Itter
33%
Mont-Saint-Guibert Hévillers
33%
Adorp-Geten Jauche
33%
Geldenaken Jauchelette | Klein-Geten
33%
Geldenaken Lathuy | Laatwijk
33%
Ottignies-Louvain-la-Neuve Limelette
33%
Chaumont-Gistoux Longueville
33%
Perwijs Malèves-Sainte-Marie-Wastines
33%
Lasne Maransart
33%
Villers-la-Ville Marbais | Marbeek
33%
Nijvel Monstreux
33%
Graven Nethen
33%
Walhain Nil-Saint-Vincent-Saint-Martin
33%
Adorp-Geten Noduwez | Nodevoorde
33%
Incourt Opprebais
33%
Adorp-Geten Orp-le-Grand | Groot-Adorp
33%
Incourt Piétrebais | Neerbeek
33%
Rebecq Quenast | Kenast
33%
Rixensart Rosières | Rosières-Saint-André | Rozieren
33%
Chastre Saint-Géry
33%
Nijvel Thines
33%
Perwijs Thorembais-les-Béguines
33%
Perwijs Thorembais-Saint-Trond
33%
Villers-la-Ville Tilly
33%
Genepiën Vieux-Genappe | Oud-Genepiën
33%
Itter Virginal-Samme
33%
Walhain Walhain-Saint-Paul
33%
Kasteelbrakel Wauthier-Braine | Woutersbrakel
33%
Ramillies Autre-Église
0%
Rebecq Bierghes | Bierk
0%
Graven Biez
0%
Ramillies Bomal
0%
Chaumont-Gistoux Bonlez
0%
Nijvel Bornival
0%
Graven Bossut-Gottechain | Bossuit-Gruttekom
0%
Lasne Couture-Saint-Germain
0%
Geldenaken Dongelberg
0%
Adorp-Geten Énines
0%
Adorp-Geten Folx-Les-Caves
0%
Ramillies Geest-Gérompont-Petit-Rosière
0%
Chastre Gentinnes
0%
Incourt Glimes
0%
Ramillies Grand-Rosière-Hottomont
0%
Ramillies Huppaye
0%
Adorp-Geten Jandrain-Jandrenouille
0%
Geldenaken Jodoigne-Souveraine | Opgeldenaken
0%
Lasne Lasne-Chapelle-Saint-Lambert
0%
Bevekom l'Écluse | Sluizen
0%
Heylissem Linsmeau | Linsmeel
0%
Genepiën Loupoigne
0%
Adorp-Geten Marilles
0%
Geldenaken Mélin | Malen
0%
Villers-la-Ville Mellery
0%
Ramillies Mont-Saint-André | Sint-Andriesberg
0%
Heylissem Neerheylissem | Neerheilissem
0%
Bevekom Nodebais | Nodebeek
0%
Tubeke Oisquercq | Oostkerk
0%
Heylissem Opheylissem | Opheilissem
0%
Perwijs Orbais | Oorbeek
0%
Geldenaken Piétrain | Petrem
0%
Ramillies Ramillies-Offus
0%
Rebecq Rebecq-Rognon | Roosbeek
0%
Incourt Roux-Miroir
0%
Tubeke Saintes | Sint-Renelde
0%
Geldenaken Saint-Jean-Geest | Sint-Jans-Geest
0%
Geldenaken Saint-Remy-Geest | Sint-Remigius-Geest
0%
Villers-la-Ville Sart-Dames-Avelines
0%
Bevekom Tourinnes-la-Grosse | Deurne
0%
Walhain Tourinnes-Saint-Lambert
0%
Genepiën Ways
0%
Rebecq Wisbecq | Wisbeek
0%
Geldenaken Zétrud-Lumay | Zittert-Lummen
0%
No matching quizzes found
Score Distribution
Percent of People with Each Score
Percentile by Number Answered
Your Score History
You have not taken this quiz